000
00287nam a22001337a 4500
008
171107b xxu||||| |||| 00| 0 eng d
020
_a
0471574627
041
_a
eng
080
_2
3RD
_a
721.053
100
_a
62
101
_a
AUD
245
_a
AUDIT SAMPLING
_c
GUY,D,M
942
_2
udc
_c
BK
999
_c
38168
_d
38168